Score 0/100 Timer 10:00
0 Plays Today
song artist % Correct
dream glowbts, charli xcx
99.5%
dionysusbts
99.5%
mic dropbts
99.5%
don't wanna cryseventeen
99.1%
thanks seventeen
99.1%
lean on meseventeen
99.1%
i don't knowseventeen
99.1%
traumaseventeen
99.1%
homeseventeen
99.1%
if iseventeen
99.1%
healingseventeen
99.1%
a-teenseventeen
99.1%
hit songseventeen
99.1%
swimming foolseventeen
99.1%
spaceseventeen
99.1%
9-teenseventeen
99.1%
jam jamseventeen
99.1%
yestodaynct u
98.1%
long slow distance*nct 127
98.1%
diamondexo
98.1%
replay (pm 01:27)nct 127
98.1%
heartbreakernct 127
98.1%
lightsaber*exo
98.1%
ko ko bopexo
98.1%
superhumannct 127
98.1%
love me rightexo
98.1%
limitlessnct 127
98.1%
artificial loveexo
98.1%
mad citynct 127
98.1%
the eveexo
98.1%
lottoexo
98.1%
side effectsstray kids
97.7%
chronosaurusstray kids
97.7%
dalla dallaitzy
97.7%
song artist % Correct
grrrstray kids
97.7%
mirohstray kids
97.7%
3rd eyestray kids
97.7%
i am youstray kids
97.7%
tmtstray kids
97.7%
walk you homenct dream
97.2%
chewing gumnct dream
97.2%
play it coolmonsta x, steve aoki
97.2%
dramaramamonsta x
97.2%
rodeomonsta x
97.2%
drippin'nct dream
97.2%
jealousymonsta x
97.2%
noirsunmi
96.7%
killing meikon
96.7%
bling blingikon
96.7%
like ooh-ahhtwice
96.7%
gashinasunmi
96.7%
viewshinee
95.8%
bad boyred velvet
95.3%
twithwasa
95.3%
crazy sexy coolastro
94.9%
critical beautypentagon
94.9%
sha la lapentagon
94.9%
lightateez
94.4%
twilightateez
94.4%
illusionateez
94.4%
boomerangwanna one
94.4%
dancing like butterfly wingsateez
94.4%
bet betnu'est
94.4%
hala halaateez
94.4%
want taemin
92.6%
days gone byday6
92.6%
scentistvixx
92.6%
be lazyday6
92.6%
song artist % Correct
i waitday6
92.6%
bbibbiiu
92.1%
butterflythe boyz
91.6%
right herethe boyz
91.6%
no airthe boyz
91.6%
boythe boyz
91.6%
bloom bloomthe boyz
91.6%
365 freshtriple h
91.6%
fiancemino
91.2%
blooming dayexo cbx
89.8%
now or neversf9
87.9%
teenagergot7
87%
love bombfromis_9
86.5%
sheep*lay
83.7%
shall we danceblock b
83.7%
dream launch*wayv
82.8%
take off*wayv
82.8%
sentimentalwinner
81.4%
breatheab6ix
80.5%
dejavunu'est w
78.1%
heyaheone
74.9%
dream in a dreamten
74.4%
she's a babyzico
72.6%
babythe rose
60.5%
i'm a starwooseok, kuanlin
58.6%
vibe1team
47.4%
our summertxt
47%
whispervixx lr
44.7%
november rain*kris wu
40%
she badmyteen
39.5%
tulipssnuper
36.7%
purplesohlhee, taeil
14.4%
Come Together.
Have Fun.
All Virtual.
We all need to come together. Play Sporcle's virtual live trivia to have fun, connect with people, and get your trivia on. Join a live hosted trivia game for your favorite pub trivia experience done virtually. If a virtual private party is more your thing, go here for details.

You're not logged in!

Compare scores with friends on all Sporcle quizzes.
OR
Log In

Sporcle TV

Today on Sporcle TV


Watch our educational content, quiz creation guides, and fun videos on Sporcle TV.

Show Comments

Extras

Top Quizzes Today


Score Distribution

Paid Content

Your Account Isn't Verified!

In order to create a playlist on Sporcle, you need to verify the email address you used during registration. Go to your Sporcle Settings to finish the process.

Report this User

Report this user for behavior that violates our Community Guidelines.

Details: